01112 2200169 4500001002100000005001500021035002000036245004700056100002100103300002900124260004400153082001000197084001600207020002200223650001000245520068700255INLIS00000000000011020240507083452 a0010-05240000321 aWhhy? Weather :bCuaca /cLee, Kwang-Woong0 aLee, Kwang-Woong a160 hlm :bilus ;c24 cm aJakarta :bElex Media Komputindo,c2010 a551.6 a551.6 LEE w a978-979-277-863-2 4aSains aWilayah Negara kita terletak di daerah tropis yang dilintasi oleh garis khatulistiwa, sehingga dalam setahun Matahari melintasi ekuator sebanyak dua kali. Matahari tepat berada di ekuator setiap tanggal 23 Maret dan 22 September. Sekitar April-September, Matahari berada di utara ekuator dan pada Oktober-Maret Matahari berada di selatan. Pergeseran posisi Matahari setiap tahunnya menyebabkan sebagian besar wilayah Indonesia mempunyai dua musim, yaitu musim hujan dan musim kemarau. Pada saat Matahari berada di utara ekuator, sebagian wilayah Indonesia mengalami musim kemarau, sedangkan saat Matahari ada di selatan, sebagian besar wilayah negara kita mengalami musim penghujan.